00860 a2200181 45000010006000000050017000060080041000230030015000640400040000790800056001192450084001750200018002592640044002773000019003215050298003401000018006387000022006562814620260407155553.0260407a1989 arg spa dAR-UNSa-BCEJYS aAR-UNSa-BCEJYSbspacAR-UNSa-BCEJYS a347.4xObligaciones. Contratos. Acuerdos. Convenios10aTeoría de la imprevisiónpaplicación y alcances, doctrina, Jurisprudencia a950-14-0523-0 1aBuenos Aires :bEdiciones Depalmac1989 a284 p.c23 cm. a1. Configuración de la teoría de la imprevisión - 2. Incidencia de la teoría de la imprevisión en algunas instituciones del derecho - 3. La teoría de la imprevisión y las contingencias económicas en nuestro país - 4. Conclusiones - 5. Jornadas y congresos - 6. Jurisprudencia1 aFlah, Lily R.1 aSmayevsky, Miriam